LEADER 01399nam a2200301 u 4500 001 000000033068 003 CaOOAMICUS 005 20070226112324.0 008 971027s1984 it u000 u ita u 035 $a10774511 040 $aPUL$bita 100 1 $aDeiana, Giovanni.$0(OLS)http://pul/name/1248 245 12$aL'J = essere forte nel semitico del nord-ovest e nella Bibbia masoretica /$cGiovanni Deiana. 260 $aNapoli :$bIstituto Universitario Orientale,$c1984. 300 $a87 p. ;$c24 cm 490 1 $aAnnali. Supplemento, n. 41 ;$v44 (1984), fasc. 4 504 $a"Bibliografia": p. [79]-87. 710 2 $aIstituto universitario orientale (Napoli).$0(OLS)http://pul/name/12104 830 0$aSupplemento ... agli Annali ;$v44.$0(OLS)http://pul/title/23841 850 $aPUL 852 $aPUL$W1$xSL Religione 1$y3$m10(2) C 19$j45448$nBK-PRI$b $qStampati$B45448$CPULBib$Z2$F45448 $H $81 852 $aPUL$W1$xDP1 Fondo Ciprotti$y59$m1532 C 34$j45449$nBK-PRI$b $qFondi$B45449$CPULBib$Z2$F45449 $H $81 941 1 $a8 941 1 $a1 961 $aINV: 53594. 961 $aINV: 0074. Fondo Ciprotti 996 $6245$aL'J = essere forte nel semitico del nord-ovest e nella Bibbia masoretica$9(OLS)http://pul/title/45552 996 $6260$aNapoli :$bIstituto Universitario Orientale$9(OLS)http://pul/publisher/50964 LEADER 01062nam a2200265 u 4500 001 000000033385 003 CaOOAMICUS 005 20070226112346.0 008 971103s1976 enk u000 u eng u 035 $a10775082 040 $aPUL$bita 100 1 $aMoreton, Bernard.$0(OLS)http://pul/name/26064 245 14$aThe eighth-century gelasian sacramentary :$ba study in tradition /$cBernard Moreton. 260 $aOxford :$bUniversity Press,$c1976. 300 $axii, 222 p. ;$c22 cm 490 1 $aOxford theological monographs 500 $aContiene indici. 504 $aBibliografia: p. 206-218. 830 0$aOxford theological monographs.$0(OLS)http://pul/title/16958 850 $aPUL 852 $aPUL$W1$xSL Religione 1$y3$m15 B 2$j45856$nBK-PRI$b $qStampati$B45856$CPULBib$Z2$F45856 $H $81 941 1 $a8 961 $aINV: 43882 996 $6245$aThe eighth-century gelasian sacramentary :$ba study in tradition$9(OLS)http://pul/title/45976 996 $6260$aOxford :$bUniversity Press$9(OLS)http://pul/publisher/49563